Štúdium ochranných prvkov v ceninovej tlači

Uložené v:
Podrobná bibliografia
Hlavný autor: Lališová, Dominika (Autor)
Ďalší autori: Reháková, Milena (Vedúci práce)
Médium: Rukopis Kniha
Jazyk:Slovak
Vydavateľské údaje: 2017
Predmet:
On-line prístup:http://is.stuba.sk/zp/portal_zp.pl?podrobnosti=128676
Tagy: Pridať tag
Žiadne tagy, Buďte prvý, kto otaguje tento záznam!

MARC

LEADER 00000ntm a22000003a 4500
001 stuzp62198
003 SK-STU
005 20170610210457.5
007 ta
008 150427s2015----xo-----f-mn---000-0-slo-d
040 |a STU  |b slo 
041 0 |a slo 
100 1 |a Lališová, Dominika  |u 049160  |4 aut  |U FCHPT Ústav prírodných a syntetických polymérov  |T FCHPT Oddelenie polygrafie a aplikovanej fotochémie  |X 42815  |U C9160  |Y 127  |7 42815 
242 0 1 |a Study of security features in security printing  |y eng 
245 1 0 |a Štúdium ochranných prvkov v ceninovej tlači 
260 |c 2017 
650 4 |a FTIR spektroskopia  |2 slo 
650 4 |a ochranné prvky  |2 slo 
650 4 |a infračervené farby  |2 slo 
650 4 |a Vis/NIR spektroskopia  |2 slo 
650 4 |a infrared colors  |2 eng 
650 4 |a Vis/NIS spectroscopy  |2 eng 
650 4 |a FTIR spectroscopy  |2 eng 
650 4 |a security features  |2 eng 
700 1 |a Reháková, Milena  |u 049160  |k Z1  |4 ths  |U FCHPT Ústav prírodných a syntetických polymérov  |T FCHPT Oddelenie polygrafie a aplikovanej fotochémie  |X 3378  |U C9160  |Y 127  |7 A000003378 
856 4 |u http://is.stuba.sk/zp/portal_zp.pl?podrobnosti=128676